| 000 | 00696nam a22002057a 4500 | ||
|---|---|---|---|
| 005 | 20230519025550.0 | ||
| 008 | 221017b |||||||| |||| 00| 0 eng d | ||
| 020 | _a978-0-13-265705-1 | ||
| 082 | _aG.S. 371.192 Am487 2013 | ||
| 100 |
_aAmatea, Ellen S. _eauthor |
||
| 245 |
_aBuilding culturally responsive family-school relationships / _cEllen S. Amatea |
||
| 250 | _a2nd ed. | ||
| 260 |
_aBoston: _bPearson Education, _cc2013. |
||
| 300 |
_axix, 409p.: _bill. |
||
| 504 | _aIncludes bibliographical references and index | ||
| 541 | _e4445 | ||
| 650 | _aHome and school - United States | ||
| 650 | _aAcademic achievement- United States | ||
| 651 | _2Parent-teacher relationships - United States | ||
| 999 |
_c41 _d41 |
||